01426nam a2200229 a 450000100100000000500170001000800410002704000250006808200150009324501930010826000380030130000420033950502300038156300650061170000610067670001030073770000790084070000340091995201130095395201130106699900170117900004439320201002045337.0140627s2009 dr a 000 0 spa d aDO-SdBNPbspacBNPHU axxxxbxxxx00aCuentos de la reserva de la biósfera :bJaragua, Bahoruco, Enriquillo /cMaría Amalia León; María Teresa Ruiz de Catrain; Natacha Calderón Cabral ; ilustraciones Tania Marmolejo. aSanto Domingo :bPropagas,c2009. a[32, 36, 36] p. :bil. + CD ;c21 cm.0 tContiene : Cuando el viento habla... /rMaría Amalia Leónt¡Es la tierra más hermosa que ojos jamás hayan visto!rMaría Teresa Ruiz de Catrain /tTambor y misterio al pié del guayacan /rNatacha Calderón Cabral aTres obras publicadas juntas con paginación independientes12aCuando el viento habla...tLeón, María Amalia97240212aRuiz de Catrain, María Teresat¡Es la tierra más hermosa que ojos jamás hayan visto!97240312aCalderón Cabral, NatachatTambor y misterio al pié del guayacan9724041 aMarmolejo, Taniaeilu.957579 0010718PDaPDbPDcCTd2014-06-27iLF1l0oxxxx xxxxp44393-10r2020-06-25w2020-06-25yLFPDZNo se presta 0011718PDaPDbPDcMId2014-06-27iLF1l0oxxxx xxxxp44393-20r2020-06-25w2020-06-25yLFPDZNo se presta c43882d43882